Guess the 1970s song lyrics #172 - Statistics

General Stats
  • This quiz has been taken 21 times
  • The average score is 217 of 279
Answer Stats
Answer % Correct
and
100%
do
100%
I
100%
is
100%
me
100%
you
100%
You
100%
can
95%
love
95%
So
95%
to
95%
your
95%
can't
89%
for
89%
in
89%
my
89%
no
89%
No
89%
oh
89%
Oh
89%
this
89%
baby
84%
Baby
84%
Don't
84%
don't
84%
it's
84%
on
84%
see
84%
the
84%
what
84%
at
79%
heart
79%
leave
79%
of
79%
way
79%
come
74%
Come
74%
got
74%
full
68%
I'm
68%
need
68%
only
68%
Without
68%
down
63%
loving
63%
out
63%
you've
63%
burning
58%
control
58%
free
58%
I'll
58%
Now
58%
set
58%
Set
58%
soul
58%
fire
53%
good
53%
please
53%
Ah
47%
desire
47%
kiss
47%
survive
47%
alive
42%
Cause
42%
command
42%
satisfy
42%
Satisfy
42%
started
42%
stay
42%
Hey
32%
hey
32%
understand
32%
miss
26%
tender
26%
exist
21%
surely
16%
Aye
5%
aye
5%
woah
5%
No matching quizzes found
Score Distribution
Percent of People with Each Score
Percentile by Number Answered
Your Score History
You have not taken this quiz